000 00622nam a2200229Ia 4500
003 OSt
005 20221006164452.0
006 a|||||r|||| 00| 0
007 ta
008 221006b |||||||| |||| 00| 0 eng d
024 _a1,809
037 _cTextual
040 _aFML
_cFML
_beng
041 _2eng
_aeng
082 _aNR44, P7 -; 1
100 _aNair Rajeev Au.
_9677566
245 0 _aA Rasika's Journey Through Hindustani Music
260 _aNew Delhi
_bIndogog Publication
_c2007
300 _a402
_ccm.
942 _hNR44, P7 -; 1
_cTEXL
_2CC
999 _c1117380
_d1117380